Statistics for Top 30 Most Valuable Football Clubs (2023)

Click here to take the quiz!

General Stats

  • This quiz has been taken 140 times
  • The average score is 21 of 30

Answer Stats

LeagueValue ($)Answer% Correct
Bundesliga4.86 BBayern Munich
100%
Premier League3.10 BChelsea
100%
Premier League5.29 BLiverpool
99%
Premier League4.99 BManchester City
99%
Premier League6.00 BManchester United
99%
La Liga6.07 BReal Madrid
99%
La Liga5.51 BFC Barcelona
98%
Ligue 14.21 BParis Saint-Germain
98%
Serie A1.40 BAC Milan
96%
Serie A1.03 BInter Milan
96%
Bundesliga1.93 BBorussia Dortmund
95%
Premier League2.80 BTottenham Hotspur
94%
Premier League2.26 BArsenal
93%
Serie A2.16 BJuventus
93%
La Liga1.54 BAtletico de Madrid
86%
Premier League794 MNewcastle United
79%
Premier League1.08 BWest Ham United
70%
Serie A724 MAS Roma
68%
Premier League756 MAston Villa
68%
Premier League744 MEverton
67%
Ligue 1734 MOlympique Lyonnais
64%
EFL Championship781 MLeicester City
59%
MLS925 MLA Galaxy
58%
MLS1.00 BLAFC
55%
Premier League806 MCrystal Palace
32%
MLS700 MD.C. United
16%
MLS850 MAtlanta United FC
13%
MLS800 MNew York City FC
12%
MLS690 MToronto FC
9%
MLS680 MAustin FC
5%

Score Distribution

Percentile by Number Answered

Percent of People with Each Score

Your Score History

You have not taken this quiz